[Event "ROM-ch U16"]
[Site "Calimanesti Caciulata"]
[Date "2019.04.21"]
[Round "8"]
[White "Denes, Attila Norbert"]
[Black "Coca, Cristi Iulian"]
[Result "1-0"]
[WhiteElo "1819"]
[BlackElo "2137"]
[PlyCount "97"]
[EventDate "2019.04.15"]
[EventType "swiss"]
[EventRounds "9"]
[EventCountry "ROU"]
[SourceTitle "CBM 190 Extra"]
[Source "ChessBase"]
[SourceDate "2019.07.15"]
[SourceVersion "1"]
[SourceVersionDate "2019.07.15"]
[SourceQuality "1"]

1. e4 c5 2. Nc3 e6 3. f4 a6 4. g3 Nc6 5. Bg2 g6 6. Nf3 Bg7 7. 0-0 d6 8. a4 Nge7 9. Kh1 0-0 10. Ne2 b6 11. d4 Bb7 12. Be3 Rc8 13. Rb1 Qc7 14. c3 Na5 15. b4 Nc4 16. Qd3 cxb4 17. Rxb4 a5 18. Rb3 Qc6 19. Nh4 Qxa4 20. Rbb1 Bf6 21. f5 exf5 22. Bh6 Rfe8 23. exf5 Bxg2+ 24. Nxg2 Nd5 25. fxg6 fxg6 26. Nef4 Nxf4 27. Rxf4 Bg7 28. Bxg7 Kxg7 29. Qf3 Re7 30. Rf1 Qe8 31. Qd5 h6 32. Rf6 Qg8 33. Rxg6+ Kxg6 34. Qf5+ Kg7 35. Qf6+ Kh7 36. Qxe7+ Kh8 37. Rf7 Qg6 38. Nf4 Qb1+ 39. Kg2 Ne3+ 40. Qxe3 Qa2+ 41. Ne2 Qxf7 42. Qxh6+ Kg8 43. Qxd6 Qe8 44. Qd5+ Kf8 45. Qf5+ Ke7 46. Nf4 Qc6+ 47. Nd5+ Kd6 48. Qe5+ Kd7 49. Qe7# 1-0

[Event "ROM-ch U16"]
[Site "Calimanesti Caciulata"]
[Date "2019.04.20"]
[Round "7"]
[White "Rodila, Rares Andrei"]
[Black "Denes, Attila Norbert"]
[Result "0-1"]
[WhiteElo "1514"]
[BlackElo "1819"]
[PlyCount "84"]
[EventDate "2019.04.15"]
[EventType "swiss"]
[EventRounds "9"]
[EventCountry "ROU"]
[SourceTitle "CBM 190 Extra"]
[Source "ChessBase"]
[SourceDate "2019.07.15"]
[SourceVersion "1"]
[SourceVersionDate "2019.07.15"]
[SourceQuality "1"]

1. e4 c5 2. Nf3 Nc6 3. d4 cxd4 4. Nxd4 Nf6 5. Nc3 e5 6. Nf3 Bb4 7. Bd3 d5 8. Qe2 d4 9. a3 Bxc3+ 10. bxc3 dxc3 11. Be3 0-0 12. 0-0 Bg4 13. Rab1 Qc7 14. Rb3 Nd4 15. Bxd4 exd4 16. h3 Bxf3 17. Qxf3 b6 18. Rb4 Qd6 19. Re1 Nd7 20. Qh5 Ne5 21. Rd1 g6 22. Qg5 f6 23. Qg3 Rac8 24. h4 a5 25. Rb5 Rc5 26. Rdb1 Rxb5 27. Rxb5 Qxa3 28. Rxe5 Qc1+ 29. Kh2 fxe5 30. Bc4+ Kg7 31. Qxe5+ Kh6 32. Qxd4 Qf4+ 33. Kg1 Qc1+ 34. Kh2 Qd2 35. Qe3+ Qxe3 36. fxe3 a4 37. e5 Kg7 38. e4 Rf2 39. e6 Kf8 40. e5 Rxc2 41. Kg3 Rxg2+ 42. Kxg2 c2 0-1

[Event "ROM-ch U16"]
[Site "Calimanesti Caciulata"]
[Date "2019.04.15"]
[Round "1"]
[White "Denes, Attila Norbert"]
[Black "Ghimpu, Samuel Timotei"]
[Result "1-0"]
[WhiteElo "1819"]
[BlackElo "2225"]
[PlyCount "93"]
[EventDate "2019.04.15"]
[EventType "swiss"]
[EventRounds "9"]
[EventCountry "ROU"]
[SourceTitle "CBM 190 Extra"]
[Source "ChessBase"]
[SourceDate "2019.07.15"]
[SourceVersion "1"]
[SourceVersionDate "2019.07.15"]
[SourceQuality "1"]

1. e4 c5 2. Nc3 g6 3. f4 Bg7 4. Nf3 e6 5. d4 cxd4 6. Nxd4 a6 7. Be3 Ne7 8. g3 0-0 9. Bg2 d5 10. exd5 exd5 11. Qd2 Nbc6 12. 0-0 Be6 13. Rad1 Qc7 14. Nce2 Rfe8 15. c3 Rad8 16. Rfe1 Bg4 17. h3 Nxd4 18. Bxd4 Bxd4+ 19. cxd4 Bxe2 20. Rxe2 Nf5 21. Rxe8+ Rxe8 22. Re1 Rxe1+ 23. Qxe1 Qc6 24. Qc3 Kf8 25. Kf2 Ke7 26. g4 Nd6 27. Qc5 Ke6 28. Ke2 Ne4 29. Qxc6+ bxc6 30. Ke3 f5 31. g5 Kd6 32. h4 c5 33. Bf3 a5 34. h5 Kc6 35. h6 Kb5 36. Be2+ Kb6 37. a4 Nd6 38. Kd3 Kc6 39. Bf3 Nc4 40. Kc3 Kd6 41. Bh5 cxd4+ 42. Kxd4 Nd2 43. Bxg6 Nf3+ 44. Kd3 Ne1+ 45. Kd2 Ng2 46. Bxh7 Nxf4 47. Bxf5 1-0

[Event "ROM-ch U14"]
[Site "Baile Felix"]
[Date "2017.02.05"]
[Round "5"]
[White "Gavrila, Vlad Cristian"]
[Black "Denes, Attila Norbert"]
[Result "0-1"]
[WhiteElo "1240"]
[BlackElo "1556"]
[PlyCount "70"]
[EventDate "2017.02.02"]
[EventType "swiss"]
[EventRounds "9"]
[EventCountry "ROU"]
[SourceTitle "CBM 176 Extra"]
[Source "ChessBase"]
[SourceDate "2017.03.02"]
[SourceVersion "1"]
[SourceVersionDate "2017.03.02"]
[SourceQuality "1"]

1. e4 e5 2. f4 d5 3. exd5 exf4 4. Nf3 Nf6 5. Bb5+ c6 6. dxc6 Nxc6 7. Qe2+ Be6 8. 0-0 Bc5+ 9. Kh1 0-0 10. d3 Nd5 11. Bxc6 bxc6 12. d4 Bd6 13. c4 Ne3 14. Bxe3 fxe3 15. c5 Bf4 16. Nfd2 Qxd4 17. Nb3 Qe5 18. Nc3 Bxb3 19. axb3 Bxh2 20. Ra4 Bg3 21. Qg4 Bf2 22. Ne4 f5 23. Qh5 g6 24. Qh2 e2 25. Re1 Qxh2+ 26. Kxh2 Bxe1 27. Ra1 Bh4 28. Ng3 e1Q 29. Rxe1 f4 30. Re6 Bxg3+ 31. Kh3 Rf5 32. b4 Rg5 33. b5 h5 34. bxc6 Rg4 35. Rxg6+ Rxg6 0-1